000
00327nam a22001457a 4500
008
230515b ||||| |||| 00| 0 eng d
020
_a
2900691146347
041
_a
eng
080
_a
574
082
_a
574RUD
100
_a
44
101
_a
MJEDISI
245
_a
PLOWA PLAGUES AND PETROLEUM
_c
RUDDIMAN.F.W
942
_2
udc
_c
BK
999
_c
59706
_d
59706